000
00255nam a2200109Ia 4500
008
220204s9999 xx 000 0 und d
082
_a
82-3
_b
WHI
100
_a
Mary
245
0
_a
Escape to happiness
260
_a
London
_b
Mills and Boon
_c
1975
942
_c
BK
999
_c
33203
_d
33203